Prácticas de química I (Record no. 210367)

MARC details
000 -CABECERA
campo de control de longitud fija 00866cam a22002417a 4500
003 - IDENTIFICADOR DEL NÚMERO DE CONTROL
campo de control MX-MxUPN
005 - FECHA Y HORA DE LA ÚLTIMA TRANSACCIÓN
campo de control 20231027063634.0
008 - ELEMENTOS DE LONGITUD FIJA--INFORMACIÓN GENERAL
campo de control de longitud fija 230925s2001 mx|a|||dr|||| 000 0 spa d
020 ## - NÚMERO INTERNACIONAL NORMALIZADO PARA LIBROS
Número Internacional Estándar del Libro 9701866134
040 ## - FUENTE DE LA CATALOGACIÓN
Centro catalogador/agencia de origen MX-MxUPN
Lengua de catalogación spa
050 #4 - SIGNATURA TOPOGRÁFICA DE LA BIBLIOTECA DEL CONGRESO
Número de clasificación QD45
Número de documento/Ítem G88 2001
100 1# - ASIENTO PRINCIPAL--NOMBRE PERSONAL
9 (RLIN) 50468
Nombre de persona Gutiérrez Carbajal, Sara Esther
100 1# - ASIENTO PRINCIPAL--NOMBRE PERSONAL
9 (RLIN) 50469
Nombre de persona Szklarz Zarska, Elzbieta
245 10 - MENCIÓN DE TÍTULO
Título Prácticas de química I
250 ## - MENCIÓN DE EDICIÓN
Mención de edición Primera edición
260 ## - PUBLICACIÓN, DISTRIBUCIÓN, ETC.
Lugar de publicación, distribución, etc. México, D.F.:
Nombre del editor, distribuidor, etc. Secretaría de Educación Pública, Dirección de Educación Tecnológica e Industrial :
-- Fondo de Cultura Económica,
Fecha de publicación, distribución, etc. 2001
300 ## - DESCRIPCIÓN FÍSICA
Extensión 180 páginas :
Otras características físicas diagramas
490 0# - MENCIÓN DE SERIE
Mención de serie Colección DGETI
650 #4 - ASIENTO SECUNDARIO DE MATERIA - TERMINO TEMATICO
Término de materia o nombre geográfico como elemento de entrada Química
Subdivisión de forma Manuales de laboratorio
9 (RLIN) 8629
650 #4 - ASIENTO SECUNDARIO DE MATERIA - TERMINO TEMATICO
Término de materia o nombre geográfico como elemento de entrada Química
Subdivisión general Estudio y enseñanza (Media superior)
9 (RLIN) 7242
902 ## - ELEMENTOS DE DATOS B LOCAL, LDB (RLIN)
Creó LC25092023
Modificó VíctorGodínez/261023
942 ## - ELEMENTOS DE PUNTO DE ACCESO ADICIONAL (KOHA)
Fuente del sistema de clasificación o colocación Library of Congress Classification
Tipo de ítem Koha Libro
Holdings
Estado de retiro Estado de pérdida Fuente del sistema de clasificación o colocación Estado dañado No para préstamo Código de colección Localización permanente Ubicación/localización actual Ubicación en estantería Fecha de adquisición Clasificación Código de barras Fecha visto por última vez Tipo de ítem Koha
    Library of Congress Classification   Disponible (Préstamo en sala) Libros de texto Bib. Gregorio Torres Quintero Bib. Gregorio Torres Quintero Colecciones especiales Planta alta 25/09/2023 QD45 G88 2001 192921 25/09/2023 Libro